CRIMINAL LAW (Record no. 5490)
[ view plain ]
| 000 -LEADER | |
|---|---|
| fixed length control field | 00284nam a22001217a 4500 |
| 008 - FIXED-LENGTH DATA ELEMENTS--GENERAL INFORMATION | |
| fixed length control field | 170504b xxu||||| |||| 00| 0 eng d |
| 020 ## - INTERNATIONAL STANDARD BOOK NUMBER | |
| International Standard Book Number | 0-07-282008-X |
| 082 ## - | |
| Classification number | 345.73 REI |
| 100 ## - MAIN ENTRY--PERSONAL NAME | |
| Personal name | REID,SUE,TITUS. |
| 245 ## - TITLE STATEMENT | |
| Title | CRIMINAL LAW |
| 250 ## - EDITION STATEMENT | |
| Edition statement | 6TH |
| 260 ## - PUBLICATION, DISTRIBUTION, ETC. (IMPRINT) | |
| Place of publication, distribution, etc. | USA |
| Name of publisher, distributor, etc. | Mc GRAW HILL |
| Date of publication, distribution, etc. | 2004 |
| Withdrawn status | Lost status | Source of classification or shelving scheme | Damaged status | Koha normalized classification for sorting | Not for loan | Home library | Current library | Shelving location | Date acquired | Total Checkouts | Full call number | Barcode | Date last seen | Price effective from | Koha item type |
|---|---|---|---|---|---|---|---|---|---|---|---|---|---|---|---|
| Dewey Decimal Classification | 345_730000000000000_REI | Ordered | Dodoma | Dodoma | Ground Floor | 04/05/2017 | 345.73 REI | 0000000016493* | 29/07/2019 | 04/05/2017 | BOOKS |
